Giáo trình lịch sử nhà nước và pháp luật Việt Nam

Trang bị cho sinh viên hiểu biết về quá trình hình thành và phát triển về nhà nước và pháp luật trong lịch sử Việt Nam.

Zapisane w:
Opis bibliograficzny
1. autor: Nguyễn Thị Thương Huyền
Format: Książka
Język:Vietnamese
Wydane: TP HCM Hồng Đức 2015
Hasła przedmiotowe:
Etykiety: Dodaj etykietę
Nie ma etykietki, Dołącz pierwszą etykiete!
Thư viện lưu trữ: Thư viện Trường Đại học Nam Cần Thơ
LEADER 02413nam a22003137a 4500
001 NCT_9297
008 171025b xxu||||| |||| 00| 0 vie d
999 |c 461  |d 461 
020 |a 9786048665258  |c 91000 
082 |2 22nd ed.  |a 340.09  |b L302 
100 1 |a Nguyễn Thị Thương Huyền 
245 1 0 |a Giáo trình lịch sử nhà nước và pháp luật Việt Nam  |c Nguyễn Thị Thương Huyền 
260 |a TP HCM  |b Hồng Đức  |c 2015 
300 |a 501 tr.  |c 21 cm 
520 3 |a Trang bị cho sinh viên hiểu biết về quá trình hình thành và phát triển về nhà nước và pháp luật trong lịch sử Việt Nam. 
653 |a Lịch sử của luật 
655 |a Luật 
942 |2 ddc  |c BK 
952 |0 0  |1 0  |2 ddc  |4 0  |6 340_090000000000000_L302  |7 0  |9 2178  |a 000001  |b 000001  |d 2017-10-25  |l 2  |o 340.09 L302  |p MD.02290  |r 2020-09-28  |s 2020-09-24  |v 91000.00  |w 2017-10-25  |y BK 
952 |0 0  |1 0  |2 ddc  |4 0  |6 340_090000000000000_L302  |7 0  |9 2179  |a 000001  |b 000001  |d 2017-10-25  |o 340.09 L302  |p MD.02293  |r 2017-10-25  |v 91000.00  |w 2017-10-25  |y BK 
952 |0 0  |1 0  |2 ddc  |4 0  |6 340_090000000000000_L302  |7 0  |9 2180  |a 000001  |b 000001  |d 2017-10-25  |o 340.09 L302  |p MD.02298  |r 2017-10-25  |v 91000.00  |w 2017-10-25  |y BK 
952 |0 0  |1 0  |2 ddc  |4 0  |6 340_090000000000000_L302  |7 0  |9 2181  |a 000001  |b 000001  |d 2017-10-25  |o 340.09 L302  |p MD.02281  |r 2017-10-25  |v 91000.00  |w 2017-10-25  |y BK 
952 |0 0  |1 0  |2 ddc  |4 0  |6 340_090000000000000_L302  |7 0  |9 2182  |a 000001  |b 000001  |d 2017-10-25  |l 2  |o 340.09 L302  |p MD.02282  |r 2020-09-01  |s 2020-08-19  |v 91000.00  |w 2017-10-25  |y BK 
952 |0 0  |1 0  |2 ddc  |4 0  |6 340_090000000000000_L302  |7 0  |9 2183  |a 000001  |b 000001  |d 2017-10-25  |o 340.09 L302  |p MD.02287  |r 2017-10-25  |v 91000.00  |w 2017-10-25  |y BK 
952 |0 0  |1 0  |2 ddc  |4 0  |6 340_090000000000000_L302  |7 0  |9 2184  |a 000001  |b 000001  |d 2017-10-25  |o 340.09 L302  |p MD.02288  |r 2017-10-25  |v 91000.00  |w 2017-10-25  |y BK 
952 |0 0  |1 0  |2 ddc  |4 0  |6 340_090000000000000_L302  |7 0  |9 2185  |a 000001  |b 000001  |d 2017-10-25  |o 340.09 L302  |p MD.02289  |r 2017-10-25  |v 91000.00  |w 2017-10-25  |y BK 
952 |0 0  |1 0  |2 ddc  |4 0  |6 340_090000000000000_L302  |7 0  |9 2186  |a 000001  |b 000001  |d 2017-10-25  |l 1  |o 340.09 L302  |p MD.02284  |r 2019-03-25  |s 2019-03-14  |v 91000.00  |w 2017-10-25  |y BK 
952 |0 0  |1 0  |2 ddc  |4 0  |6 340_090000000000000_L302  |7 0  |9 2187  |a 000001  |b 000001  |d 2017-10-25  |o 340.09 L302  |p MD.02285  |r 2017-10-25  |v 91000.00  |w 2017-10-25  |y BK 
980 |a Thư viện Trường Đại học Nam Cần Thơ